[Event "Mecklenburg VP LL2 Ost 2223"]
[Site "Mecklenburg VP"]
[Date "2023.03.19"]
[Round "7.1"]
[White "Dupke, Andreas"]
[Black "Schulz, Wolf Detlef"]
[Result "1-0"]
[WhiteElo "1819"]
[BlackElo "1814"]
[PlyCount "89"]
[EventDate "2022.10.23"]
[EventType "team-tourn"]
[EventRounds "9"]
[EventCountry "GER"]
[SourceTitle "EXT 2024"]
[Source "ChessBase"]
[SourceDate "2023.10.10"]
[SourceVersion "1"]
[SourceVersionDate "2023.10.10"]
[SourceQuality "1"]
[WhiteTeam "Neubrandenburg II"]
[BlackTeam "Graal Mueritz II"]
[WhiteTeamCountry "GER"]
[BlackTeamCountry "GER"]

1. c4 Nf6 2. g3 e5 3. Bg2 Bc5 4. d3 Nc6 5. Nc3 0-0 6. Nf3 d6 7. 0-0 a6 8. Nd5 Nxd5 9. cxd5 Ne7 10. e4 Bg4 11. h3 Bd7 12. Be3 Ng6 13. d4 Ba7 14. Qd2 exd4 15. Nxd4 Ne5 16. Kh1 Nc4 17. Qc3 Nxe3 18. Qxe3 Qf6 19. Rad1 Rfe8 20. Qc3 Rac8 21. Ne2 Qh6 22. Kh2 Re5 23. Qd2 Qf6 24. Qf4 Qg6 25. g4 h5 26. f3 f6 27. Nd4 Kf7 28. Qg3 Rh8 29. f4 Ree8 30. g5 Kg8 31. h4 f5 32. e5 dxe5 33. fxe5 Bxd4 34. Rxd4 Qb6 35. Rd2 g6 36. Rc1 Qb4 37. Rdc2 f4 38. Qc3 Qxc3 39. Rxc3 Rxe5 40. Rxc7 Bb5 41. Rxb7 Re2 42. Rc8+ Re8 43. Rxe8+ Bxe8 44. d6 Rh7 45. Bd5+ 1-0

[Event "Mecklenburg VP VL1819"]
[Site "Mecklenburg VP"]
[Date "2018.12.16"]
[Round "4.6"]
[White "Kutschke, Peter"]
[Black "Schulz, Wolf Detlef"]
[Result "1/2-1/2"]
[WhiteElo "1941"]
[BlackElo "1782"]
[PlyCount "51"]
[EventDate "2018.10.21"]
[EventType "team-tourn"]
[EventRounds "9"]
[EventCountry "GER"]
[SourceTitle "EXT 2022"]
[Source "ChessBase"]
[SourceDate "2021.10.06"]
[SourceVersion "1"]
[SourceVersionDate "2021.10.06"]
[SourceQuality "1"]
[WhiteTeam "Schwerin SF II"]
[BlackTeam "Graal Mueritz"]
[WhiteTeamCountry "GER"]
[BlackTeamCountry "GER"]

1. e4 e5 2. d4 exd4 3. Qxd4 Nc6 4. Qe3 Nb4 5. Bd3 Nxd3+ 6. cxd3 Bb4+ 7. Nc3 Ne7 8. Qd4 Bxc3+ 9. Qxc3 0-0 10. Bg5 f6 11. Bf4 d6 12. Rc1 Ng6 13. Be3 Rf7 14. Qb3 c6 15. Ne2 Qe8 16. 0-0 Be6 17. Qa3 d5 18. Nd4 f5 19. Qd6 Bd7 20. exf5 Bxf5 21. Nxf5 Rxf5 22. Rfe1 Qe5 23. Qb4 Rh5 24. h3 Qc7 25. Qg4 Rh4 26. Qe6+ 1/2-1/2

[Event "MVP-ch Seniors op 18th"]
[Site "Ostseebad Binz"]
[Date "2018.12.05"]
[Round "8"]
[White "Hondema, Evert C"]
[Black "Schulz, Wolf Detlef"]
[Result "1-0"]
[WhiteElo "1915"]
[BlackElo "1783"]
[PlyCount "103"]
[EventDate "2018.11.28"]
[EventType "swiss"]
[EventRounds "9"]
[EventCountry "GER"]
[SourceTitle "CBM 188 Extra"]
[Source "ChessBase"]
[SourceDate "2019.02.26"]
[SourceVersion "1"]
[SourceVersionDate "2019.02.26"]
[SourceQuality "1"]

1. d4 Nf6 2. Nf3 d5 3. Bf4 Nc6 4. e3 Bg4 5. Nbd2 e6 6. c3 Bd6 7. Qa4 Bxf4 8. exf4 0-0 9. Bd3 Ne7 10. 0-0 Nh5 11. g3 Ng6 12. Qc2 Qf6 13. Ne5 Bh3 14. Nd7 Qd8 15. Nxf8 Bxf1 16. Rxf1 Nxf8 17. Nf3 Qf6 18. Ne5 Ng6 19. Ng4 Qe7 20. Re1 Nf6 21. Ne3 Qd7 22. h4 Re8 23. Ng2 Nf8 24. Qe2 e5 25. fxe5 Qh3 26. Nf4 Qd7 27. Qc2 g6 28. f3 h6 29. Qd2 N6h7 30. Kg2 Kg7 31. Nh3 Ne6 32. f4 f5 33. h5 g5 34. fxg5 Nexg5 35. Nf4 Nf8 36. Rf1 Qf7 37. Qe2 c6 38. g4 Ne4 39. Bxe4 fxe4 40. Ng6 Qe6 41. Nh4 Nh7 42. Nf5+ Kh8 43. Nd6 Re7 44. Kg3 Rg7 45. Nf5 Rg8 46. Nh4 Ng5 47. Rf6 Qd7 48. Rxh6+ Kg7 49. Rd6 Qc8 50. Nf5+ Kf8 51. Rf6+ Nf7 52. Rxf7+ 1-0

[Event "MVP-ch Seniors op 18th"]
[Site "Ostseebad Binz"]
[Date "2018.12.04"]
[Round "7"]
[White "Schulz, Wolf Detlef"]
[Black "Lewald, Stephan"]
[Result "1/2-1/2"]
[WhiteElo "1783"]
[BlackElo "1941"]
[PlyCount "61"]
[EventDate "2018.11.28"]
[EventType "swiss"]
[EventRounds "9"]
[EventCountry "GER"]
[SourceTitle "CBM 188 Extra"]
[Source "ChessBase"]
[SourceDate "2019.02.26"]
[SourceVersion "1"]
[SourceVersionDate "2019.02.26"]
[SourceQuality "1"]

1. e4 c5 2. Nc3 g6 3. Bc4 Nc6 4. f4 d6 5. Nf3 Bg7 6. 0-0 e6 7. d3 Nge7 8. f5 d5 9. Bb3 0-0 10. Bg5 f6 11. fxg6 hxg6 12. Bh4 Na5 13. Qe1 Nxb3 14. axb3 d4 15. Ne2 e5 16. h3 Be6 17. Qg3 Bf7 18. Qh2 Nc6 19. g4 Be6 20. Qg2 Qd7 21. Kh2 Ne7 22. Be1 Bh6 23. Bd2 Bxd2 24. Nxd2 Kg7 25. Rh1 g5 26. Kg1 Ng6 27. Nf3 Rh8 28. Kf2 b6 29. Rh2 Rh7 30. Rah1 Rah8 31. Qg3 1/2-1/2

[Event "MVP-ch Seniors op 18th"]
[Site "Ostseebad Binz"]
[Date "2018.12.02"]
[Round "5"]
[White "Schulz, Wolf Detlef"]
[Black "Deflieze, Ulrich"]
[Result "0-1"]
[WhiteElo "1783"]
[BlackElo "1955"]
[PlyCount "64"]
[EventDate "2018.11.28"]
[EventType "swiss"]
[EventRounds "9"]
[EventCountry "GER"]
[SourceTitle "CBM 188 Extra"]
[Source "ChessBase"]
[SourceDate "2019.02.26"]
[SourceVersion "1"]
[SourceVersionDate "2019.02.26"]
[SourceQuality "1"]

1. e4 c5 2. Nc3 d6 3. f4 Nc6 4. Nf3 Nf6 5. Bc4 e6 6. 0-0 Be7 7. e5 dxe5 8. fxe5 Nxe5 9. Nxe5 Qd4+ 10. Kh1 Qxe5 11. d3 a6 12. Bf4 Qh5 13. Qe1 b5 14. Bb3 Bb7 15. a4 b4 16. Ne4 Nxe4 17. dxe4 0-0 18. Rf3 Qg6 19. Re3 Rad8 20. Be5 Qh5 21. Qg3 Qg5 22. Bxg7 Kxg7 23. Qe1 Bd6 24. Qe2 Bf4 25. Rh3 Kh8 26. Rg1 Rd2 27. Qf3 f5 28. Qf1 Bxe4 29. Bxe6 Rfd8 30. Bc4 Rd1 31. Qe2 Rxg1+ 32. Kxg1 Rd1+ 0-1

[Event "Mecklenburg VP LL2 Ost 1718"]
[Site "Mecklenburg VP"]
[Date "2017.11.12"]
[Round "2.3"]
[White "Grossmann, Piet"]
[Black "Schulz, Wolf Detlef"]
[Result "0-1"]
[WhiteElo "1654"]
[BlackElo "1790"]
[PlyCount "88"]
[EventDate "2017.10.08"]
[EventType "team-tourn"]
[EventRounds "9"]
[EventCountry "GER"]
[SourceTitle "EXT 2022"]
[Source "ChessBase"]
[SourceDate "2021.10.06"]
[SourceVersion "1"]
[SourceVersionDate "2021.10.06"]
[SourceQuality "1"]
[WhiteTeam "Torgelow Droegeheide II"]
[BlackTeam "Graal Mueritz"]
[WhiteTeamCountry "GER"]
[BlackTeamCountry "GER"]

1. e4 e5 2. Nf3 Nc6 3. d4 exd4 4. Nxd4 Bc5 5. Be3 Bxd4 6. Bxd4 Nxd4 7. Qxd4 Nf6 8. Bd3 0-0 9. 0-0 d6 10. Nd2 Re8 11. Rae1 b6 12. f4 Bb7 13. Re2 a5 14. b3 a4 15. g3 axb3 16. axb3 Qd7 17. f5 Ng4 18. Qb2 Qc6 19. h3 Qc5+ 20. Kh1 Ne5 21. Nf3 Nxf3 22. Rxf3 Ra7 23. Rf1 Rea8 24. Ree1 Ra2 25. Qc1 h6 26. Qd2 Qe5 27. Kh2 Qf6 28. Rg1 Qe5 29. Rgf1 Qf6 30. Rg1 Rb2 31. Rb1 Rba2 32. Rgf1 d5 33. exd5 Bxd5 34. Qf4 Qc3 35. Kg1 Qc5+ 36. Qf2 Qc3 37. Qe3 Bb7 38. Qf4 Qc6 39. Kf2 Re8 40. Rg1 Rxc2+ 41. Kf1 Ra2 42. Rc1 Qf6 43. Bc4 Qb2 44. Bxf7+ Kh8 0-1

[Event "Mecklenburg VP LL2 Ost 1617"]
[Site "Mecklenburg VP"]
[Date "2017.01.15"]
[Round "5.6"]
[White "Schulz, Wolf Detlef"]
[Black "Schubert, Volker"]
[Result "1/2-1/2"]
[WhiteElo "1723"]
[BlackElo "1897"]
[PlyCount "27"]
[EventDate "2016.10.16"]
[EventType "team-tourn"]
[EventRounds "9"]
[EventCountry "GER"]
[SourceTitle "EXT 2022"]
[Source "ChessBase"]
[SourceDate "2021.10.06"]
[SourceVersion "1"]
[SourceVersionDate "2021.10.06"]
[SourceQuality "1"]
[WhiteTeam "Graal Mueritz"]
[BlackTeam "Wolgast Motor"]
[WhiteTeamCountry "GER"]
[BlackTeamCountry "GER"]

1. e4 c5 2. Nc3 Nc6 3. f4 g6 4. Nf3 Bg7 5. Bc4 e6 6. 0-0 Nge7 7. Qe1 0-0 8. Qh4 d5 9. Be2 Nd4 10. Bd1 Nec6 11. Qe1 b5 12. d3 Bb7 13. e5 a6 14. Ne2 1/2-1/2

[Event "Mecklenburg VP LL2 Ost 1617"]
[Site "Mecklenburg VP"]
[Date "2016.11.06"]
[Round "2.6"]
[White "Modrow, Andreas"]
[Black "Schulz, Wolf Detlef"]
[Result "1-0"]
[WhiteElo "1619"]
[BlackElo "1723"]
[PlyCount "177"]
[EventDate "2016.10.16"]
[EventType "team-tourn"]
[EventRounds "9"]
[EventCountry "GER"]
[SourceTitle "EXT 2022"]
[Source "ChessBase"]
[SourceDate "2021.10.06"]
[SourceVersion "1"]
[SourceVersionDate "2021.10.06"]
[SourceQuality "1"]
[WhiteTeam "Rostock SSC 07 III"]
[BlackTeam "Graal Mueritz"]
[WhiteTeamCountry "GER"]
[BlackTeamCountry "GER"]

1. c4 Nf6 2. Nc3 e5 3. e4 Bc5 4. d3 d6 5. Be2 Nc6 6. Nf3 Bg4 7. 0-0 Qd7 8. Bg5 h6 9. Be3 Bb6 10. a3 Bxf3 11. Bxf3 Bd4 12. Rb1 g5 13. Nd5 Nh7 14. Bg4 Qd8 15. b4 0-0 16. b5 Ne7 17. Bxd4 exd4 18. Nxe7+ Qxe7 19. Bf5 Kg7 20. f4 f6 21. Rf3 Rh8 22. Qe1 gxf4 23. Rxf4 Ng5 24. Qg3 Kf8 25. h4 Qg7 26. hxg5 hxg5 27. Rff1 Rh4 28. Kf2 Re8 29. Rh1 Qh6 30. Rxh4 gxh4 31. Qf3 Qd2+ 32. Qe2 Qf4+ 33. Kg1 Re7 34. Qf3 Qg5 35. Rf1 Rg7 36. Bh3 Ke7 37. Qf4 Rg6 38. Qxg5 fxg5 39. Bg4 c6 40. a4 Rg7 41. Rf5 Kd8 42. Kf2 Kc7 43. Bh5 Kb6 44. Rf6 cxb5 45. axb5 Kc5 46. Rg6 Rh7 47. Rxg5+ Kb4 48. Rd5 Kc3 49. Ke2 Rh6 50. Bg4 Rg6 51. Bh3 Rg3 52. Rxd6 Re3+ 53. Kf2 Kxd3 54. Bf5 Kxc4 55. Rd7 Ra3 56. Rxb7 d3 57. Rd7 Kxb5 58. e5 Ra2+ 59. Ke3 Re2+ 60. Kxd3 Rxe5 61. Be4 Re6 62. Rxa7 Rh6 63. Bf5 Kc5 64. Ke4 Rb6 65. Kf4 Rb2 66. Bh3 Rb8 67. Rh7 Rf8+ 68. Kg4 Kd4 69. Kxh4 Ke4 70. Rg7 Kf4 71. Rg4+ Ke5 72. Kg3 Rb8 73. Rf4 Rh8 74. Rf1 Rg8+ 75. Kh2 Ke4 76. g4 Rg5 77. Kg3 Rg7 78. Bg2+ Ke5 79. Rf5+ Ke6 80. Kf4 Ra7 81. g5 Ra4+ 82. Be4 Ra1 83. Rf6+ Ke7 84. Ke5 Re1 85. Rf4 Rg1 86. g6 Rg5+ 87. Kd4 Ra5 88. Rf7+ Ke8 89. Bc6+ 1-0

[Event "Mecklenburg VP LL2 Ost 1516"]
[Site "Mecklenburg VP"]
[Date "2015.11.15"]
[Round "3.3"]
[White "Schulz, Wolf Detlef"]
[Black "Wagner, Swenja"]
[Result "1/2-1/2"]
[WhiteElo "1732"]
[BlackElo "1709"]
[PlyCount "110"]
[EventDate "2015.09.20"]
[EventType "team-tourn"]
[EventRounds "9"]
[EventCountry "GER"]
[SourceTitle "EXT 2022"]
[Source "ChessBase"]
[SourceDate "2021.10.06"]
[SourceVersion "1"]
[SourceVersionDate "2021.10.06"]
[SourceQuality "1"]
[WhiteTeam "Graal Mueritz"]
[BlackTeam "Gryps SV"]
[WhiteTeamCountry "GER"]
[BlackTeamCountry "GER"]

1. e4 e5 2. Bc4 Nf6 3. d4 exd4 4. Nf3 Nc6 5. Bg5 Be7 6. 0-0 Nxe4 7. Bxe7 Nxe7 8. Qxd4 Nf6 9. Nc3 d5 10. Rad1 c6 11. Rfe1 0-0 12. Bd3 Bg4 13. Re3 Nf5 14. Bxf5 Bxf5 15. Re2 Bg4 16. Qf4 Qb6 17. b3 Qa5 18. b4 Qa3 19. Rd3 Rfe8 20. Ne4 Rxe4 21. Rxe4 Qxa2 22. Re1 Qxc2 23. Rde3 Be6 24. Ng5 Qf5 25. Qh4 Re8 26. Rf3 Qg6 27. Qf4 Bd7 28. Rxe8+ Bxe8 29. h4 h6 30. Nh3 Kh7 31. Qf5 Qxf5 32. Rxf5 Bd7 33. Rf3 b6 34. Nf4 Ne4 35. Re3 g5 36. hxg5 hxg5 37. Ne2 f5 38. Ra3 c5 39. Rxa7 Nf6 40. bxc5 bxc5 41. Nc3 Kg6 42. Kf1 Be6 43. Na4 c4 44. Ra6 Bg8 45. Ke2 f4 46. Nc3 g4 47. Nb5 Kf5 48. Nd4+ Kg5 49. Ra7 Kg6 50. Rc7 Bh7 51. Rc6 Kg5 52. Ne6+ Kf5 53. Ng7+ Kg5 54. Ne6+ Kf5 55. Ng7+ Kg5 1/2-1/2

[Event "Mecklenburg VP LL2 Ost 1314"]
[Site "Mecklenburg VP"]
[Date "2013.11.24"]
[Round "3.3"]
[White "Schulz, Wolf Detlef"]
[Black "Pawlick, Helmut"]
[Result "1-0"]
[WhiteElo "1838"]
[BlackElo "1871"]
[PlyCount "89"]
[EventDate "2013.10.27"]
[EventType "team-tourn"]
[EventRounds "9"]
[EventCountry "GER"]
[SourceTitle "EXT 2022"]
[Source "ChessBase"]
[SourceDate "2021.10.06"]
[SourceVersion "1"]
[SourceVersionDate "2021.10.06"]
[SourceQuality "1"]
[WhiteTeam "Graal Mueritz"]
[BlackTeam "Bergen Rugia"]
[WhiteTeamCountry "GER"]
[BlackTeamCountry "GER"]

1. e4 Nf6 2. e5 Nd5 3. d4 d6 4. f4 dxe5 5. fxe5 Bf5 6. Bd3 Qd7 7. Nf3 Nb4 8. 0-0 Nxd3 9. cxd3 e6 10. Be3 Be7 11. Nc3 0-0 12. Qb3 c6 13. Ne4 Na6 14. Rac1 Rab8 15. Ng3 Bg6 16. d5 Qxd5 17. Qxd5 exd5 18. Bxa7 Ra8 19. Bb6 Bxd3 20. Rfd1 Bg6 21. a3 Rac8 22. b4 Nb8 23. Be3 Nd7 24. Rc3 Ra8 25. h4 h6 26. h5 Bh7 27. Rd4 f5 28. Bc1 Bd8 29. Rd1 Re8 30. Bf4 Nf8 31. Bc1 Ne6 32. Kf1 Ng5 33. e6 Nxf3 34. Rxf3 Rxe6 35. Nxf5 Rf6 36. g4 Bxf5 37. gxf5 Kf7 38. Re1 Bb6 39. Bb2 Rd6 40. Be5 Rd7 41. f6 g6 42. hxg6+ Kxg6 43. Re2 Kf7 44. Rg2 Rg8 45. Rg7+ 1-0

[Event "Mecklenburg VP LL2 Ost 1112"]
[Site "Mecklenburg VP"]
[Date "2011.10.02"]
[Round "1.2"]
[White "Schulz, Wolf Detlef"]
[Black "Kilp, Gunnar"]
[Result "1-0"]
[WhiteElo "1847"]
[BlackElo "1684"]
[PlyCount "47"]
[EventDate "2011.10.02"]
[EventType "team-tourn"]
[EventRounds "9"]
[EventCountry "GER"]
[SourceTitle "EXT 2022"]
[Source "ChessBase"]
[SourceDate "2021.10.06"]
[SourceVersion "1"]
[SourceVersionDate "2021.10.06"]
[SourceQuality "1"]
[WhiteTeam "Graal Mueritz"]
[BlackTeam "Torgelow Droegeheide II"]
[WhiteTeamCountry "GER"]
[BlackTeamCountry "GER"]

1. e4 c5 2. Nc3 Nc6 3. f4 d6 4. Nf3 Bg4 5. Bc4 e6 6. 0-0 Nd4 7. Ne2 Bxf3 8. gxf3 Nxe2+ 9. Qxe2 a6 10. a4 g6 11. d3 Bg7 12. f5 Qe7 13. Qg2 Nf6 14. Bg5 Qd7 15. fxe6 fxe6 16. Qh3 e5 17. Be6 Qc7 18. f4 h6 19. Bxf6 Bxf6 20. fxe5 Bxe5 21. Rf7 Qd8 22. Raf1 Qg5+ 23. Kh1 b5 24. Bd5 1-0